00984nam a2200193 a 450000100100000000500170001000800410002704000250006808200150009311000990010824500790020726000910028630000270037704900090040495201280041395201130054195201190065499900170077300002830120240304103305.0110407s2005 dr a 000 0 spa d aDO-SdBNPbspacBNPHU axxxbR426b1 aRepública Dominicana.b Secretaría de Estado de Medio Ambiente y Recursos Naturales91450313aLa biodiversidad en la República Dominicana visión para el año 2025. aSanto Domingo :bSecretaría de Estado de Medio Ambiente y Recursos Naturales,c2005. a44 p. :bil. ;c21 cm. aBNPD 001154708DSaGRbGRcMId2011-04-27iLF1l0oxxx R426bp28301-30r2020-06-25te. 3w2020-06-25yLFDSZPréstamo en sala 0010718PDaPDbPDcCTd2011-04-07iLF1l0oxxx R426bp28301-10r2020-06-25w2020-06-25yLFPDZNo se presta 0010718PDaPDbPDcCTd2011-04-07iLF1l0oxxx R426bp28301-20r2020-06-25te. 2w2020-06-25yLFPDZNo se presta c27793d27793